Normal view
MARC view
- Thomas, Brian J
Entry Personal Name
001 - CONTROL NUMBER
- control field: 73545
003 - CONTROL NUMBER IDENTIFIER
- control field: NUST
005 - DATE AND TIME OF LATEST TRANSACTION
- control field: 20210628205032.0
008 - FIXED-LENGTH DATA ELEMENTS
- fixed length control field: 210628|| aca||aabn | a|a d
040 ## - CATALOGING SOURCE
- Original cataloging agency: NUST
- Transcribing agency: NUST
100 ## - HEADING--PERSONAL NAME
- Personal name: Thomas, Brian J
670 ## - SOURCE DATA FOUND
- Source citation: Work cat.: (NUST): Thomas, Brian J, The internet for scientific and engineers 1997/1998 online tools and resources, 1997
